000 004900000a22001690004500
003 MACL
005 20151231115955.0
008 151231b xxu||||| |||| 00| 0 eng d
040 _aMACL
_cMACL
041 _aEnglish
082 _a330
100 _aThe Calcutta School Book Societys Press
_925448
245 _aElements of Political Economy
_bManual For Education
260 _bThe Calcutta School Book Societys Press
_c1855
_aCalcutta
650 _aEconomics
_925449
942 _cBK
_k330
_2ddc
999 _c38227
_d38227